000 00426nam a2200181Ia 4500
005 20250603145624.0
008 250603s9999 xx 000 0 und d
020 _a9780750636322
050 _aHT 166 .P81/
100 _aEdited by Carmona Matthew
245 0 _aPublic places, urban spaces
260 _aOxford
260 _bArchitectural Press
260 _c2003
300 _a12 p
650 _aOxford
942 _cBK
999 _c42375
_d42375